Estadísticas para Países con glaciares

Haz click aquí para intentar la prueba.

Estadísticas generales

  • Esta prueba ha sido intentada 4.233 veces
    (1.091 desde el último reinicio)
  • La puntuación promedio es 34 de 49

Estadísticas de respuestas

ContinentePaís% Correcto
Asia/EuropaRusia
95%
SudaméricaArgentina
93%
EuropaSuecia
93%
Norte AméricaCanadá
92%
Norte AméricaEstados Unidos
92%
EuropaNoruega
92%
SudaméricaChile
91%
AsiaChina
91%
EuropaFrancia
87%
EuropaEspaña
85%
EuropaAlemania
83%
Norte AméricaMéxico
83%
SudaméricaPerú
82%
OceaníaNueva Zelanda
80%
SudaméricaColombia
79%
EuropaItalia
79%
AsiaJapón
79%
SudaméricaBolivia
78%
AsiaIndia
78%
EuropaSuiza
78%
SudaméricaEcuador
77%
EuropaIslandia
77%
AsiaNepal
74%
AsiaMongolia
71%
SudaméricaVenezuela
71%
AsiaKazajistán
70%
EuropaAustria
69%
AsiaPakistán
67%
AsiaAfganistán
63%
AsiaBután
63%
ÁfricaKenia
61%
AsiaKirguistán
61%
AsiaTayikistán
61%
AsiaUzbekistán
60%
AsiaArmenia
59%
ÁfricaTanzania
59%
AsiaAzerbaiyán
58%
AsiaTurquía
58%
AsiaGeorgia
55%
AsiaIrán
55%
EuropaAlbania
49%
AsiaIndonesia
48%
EuropaRumania
47%
ÁfricaUganda
46%
ÁfricaR. D. Congo
45%
EuropaBulgaria
44%
EuropaEslovenia
44%
AsiaBirmania
37%
EuropaMontenegro
23%

Distribución de puntuación

Porcentaje por número respondido

Porcentaje de gente con cada puntuación

Historial de tus puntuaciones

No has intentado esta prueba desde el último reinicio